000 00598nam a2200181Ia 4500
008 090630s9999 xx 000 0 und d
082 _b16604
100 _aपरुळेकर आशा.
245 _aआपली नाती ओळखा.
_cपरुळेकर आशा.
260 _bउन्मेष - पुणे.
300 _a0
600 _aपरुळेकर आशा.
630 _aआपली नाती ओळखा.
655 _aइतर.
700 _aपरुळेकर आशा.
730 _aआपली नाती ओळखा.
942 _cBOOK
999 _c268460
_d268460